000 00322nam a2200109Ia 4500
008 171211s9999 xx 000 0 und d
245 _aDictionary of Flavors (3rd edition)
245 _cDolf De Rovira Sr.
260 _c2017
650 _xEncyclopedia and Dictionary
856 _uhttp://down.ebook777.com/056/1118856414.pdf
999 _c350194
_d350194